キャパ1000人以上のライブ会場がある町村 - Statistics

General Stats
  • This quiz has been taken 26 times
  • The average score is 8 of 43
Answer Stats
施設名 収容人数・座席数 都道府県 市町村 % Correct
キューアンドエースタジアムみやぎ 49133 宮城県 宮城郡利府町
56%
セキスイハイムスーパーアリーナ・メインアリーナ 7063 宮城県 宮城郡利府町
56%
グランメッセ熊本(熊本産業展示場)・展示ホール 10000 熊本県 上益城郡益城町
39%
__文化センター・ホール 1000 茨城県 那珂郡東海村
33%
__町民会館・ホール 1000 栃木県 芳賀郡芳賀町
33%
秩父ミューズパーク・野外ステージ 5000 埼玉県 秩父郡小鹿野町
33%
東武動物公園・HOLA! 1308 埼玉県 南埼玉郡宮代町
33%
__ビューパーク・スカイホール・大ホール 1008 東京都 西多摩郡瑞穂町
33%
苗場プリンスホテル・ブリザーディウム 1400 新潟県 南魚沼郡湯沢町
33%
けいはんなプラザ・メインホール 1006 京都府 相楽郡精華町
33%
__会館 3030 和歌山県 西牟婁郡白浜町
33%
__町総合文化会館・大ホール(しるべっとホール) 1016 北海道 標津郡中標津町
28%
__町生涯学習センター・大ホール 1018 神奈川県 足柄上郡松田町
28%
Jヴィレッジ・全天候型練習場 4000 福島県 双葉郡楢葉町
22%
__町中央公民館(城址公園ホール)・大ホール 1010 栃木県 下都賀郡壬生町
22%
__ステラシアター・野外大ホール 3003 山梨県 南都留郡富士河口湖町
22%
志賀高原総合会館98・98ホール 1200 長野県 下高井郡山ノ内町
22%
__町総合文化会館・大ホール(金太郎ホール) 1013 静岡県 駿東郡小山町
22%
__町体育文化会館・アリーナ 3000 和歌山県 東牟婁郡那智勝浦町
22%
__町文化センター・大ホール 1022 北海道 河東郡音更町
17%
__町民会館(中央公民館)・ホール 1007 栃木県 芳賀郡益子町
17%
__町文化センター(__公民館)・大ホール 1004 栃木県 那須郡那須町
17%
__シアターひびき・グリーンステージ 8000 山梨県 南都留郡山中湖村
17%
信州やぶはら高原こだまの森・サウンドパーク 3000 長野県 木曽郡木祖村
17%
焱の博記念堂・コンベンションホール 1200 佐賀県 西松浦郡有田町
17%
__町文化センター・パイオニアホール(大ホール) 1004 北海道 亀田郡七飯町
11%
北アルプス文化センター・ホール 1000 富山県 中新川郡上市町
11%
__大学松下講堂黎明館・エンドステージ 1000 和歌山県 伊都郡高野町
11%
サクラート__(__町民会館)・ホール 1200 香川県 仲多度郡多度津町
11%
種子島こり~な・屋外ステージ 1500 鹿児島県 熊毛郡中種子町
11%
__地方文化センター・大ホール 1008 北海道 岩内郡岩内町
6%
__文化センター・ホール 1000 北海道 虻田郡洞爺湖町
6%
__町中央公民館・ホール 1298 福島県 伊達郡川俣町
6%
__村村民会館・アリーナ 1000 新潟県 岩船郡関川村
6%
悠邑ふるさと会館・大ホール 1000 島根県 邑智郡川本町
6%
熊本県野外劇場アスペクタ・野外ステージ 50000 熊本県 阿蘇郡南阿蘇村
6%
オーパーク__・野外ステージ 3000 埼玉県 入間郡越生町
0%
ふれあいプラザ__・文化ホール 1086 千葉県 印旛郡栄町
0%
__町民会館・さくらホール 1010 愛知県 額田郡幸田町
0%
__町総合文化センター・野外イベント広場 3000 鳥取県 日野郡日南町
0%
__総合文化ホールフロイデ・大ホール 1012 岡山県 浅口郡里庄町
0%
__文化センター 1010 沖縄県 中頭郡嘉手納町
0%
ネーブル__・__アリーナ 1000 沖縄県 中頭郡嘉手納町
0%
No matching quizzes found
Score Distribution
Percent of People with Each Score
Percentile by Number Answered
Your Score History
You have not taken this quiz